Щатите и териториите в Австралия - Statistics

General Stats
  • This quiz has been taken 21 times
  • The average score is 7 of 8
Answers on the Map
Answers color-coded by a green-red scale on the quiz's map according to % correct below.
 
Answer Stats
State or Territory % Correct
Западна Австралия
94%
Южна Австралия
88%
Тасмания
88%
Виктория
88%
Нов Южен Уелс
81%
Северна територия
81%
Куинсланд
81%
Столична територия
63%
No matching quizzes found
Score Distribution
Percent of People with Each Score
Percentile by Number Answered
Your Score History
You have not taken this quiz